Emerging Two Dimensional Materials and Applications (Record no. 43972)

MARC details
001 - CONTROL NUMBER
control field 0000
003 - CONTROL NUMBER IDENTIFIER
control field 0000
005 - DATE AND TIME OF LATEST TRANSACTION
control field 20251106103414.0
020 ## - INTERNATIONAL STANDARD BOOK NUMBER
International Standard Book Number 9781032162881
040 ## - CATALOGING SOURCE
Description conventions rda
050 ## - LIBRARY OF CONGRESS CALL NUMBER
Classification number TP 248.25 .N35 .E44
100 ## - MAIN ENTRY--PERSONAL NAME
Personal name Edited by Singh, Arun Kumar
245 ## - TITLE STATEMENT
Title Emerging Two Dimensional Materials and Applications
Statement of responsibility, etc Edited by Arun Kumar Singh; Ram Sevak Singh and Anar Singh
264 ## - PUBLICATION, DISTRIBUTION, ETC. (IMPRINT)
Place of publication, distribution, etc Boca Raton
Name of publisher, distributor, etc CRC Press
Date of publication, distribution, etc 2023
300 ## - PHYSICAL DESCRIPTION
Extent xiii, 245p. ill.
336 ## - CONTENT TYPE
Source rdacontent
338 ## - CARRIER TYPE
Source rdacarrier
490 ## - SERIES STATEMENT
Series statement Emerging Materials and Technologies
504 ## - BIBLIOGRAPHY, ETC. NOTE
Bibliography, etc Includes Bibliographical References and Index
650 ## - SUBJECT ADDED ENTRY--TOPICAL TERM
Source of heading or term Two-dimensional materials.
Form subdivision Nanostructured materials.
651 ## - SUBJECT ADDED ENTRY--GEOGRAPHIC NAME
Form subdivision
General subdivision Nanotechnology.
942 ## - ADDED ENTRY ELEMENTS (KOHA)
Source of classification or shelving scheme Library of Congress Classification
Koha item type Books
Holdings
Withdrawn status Lost status Source of classification or shelving scheme Damaged status Not for loan Permanent Location Current Location Date acquired Total Checkouts Full call number Barcode Date last seen Price effective from Koha item type
    Library of Congress Classification     NILE UNIVERSITY OF NIGERIA - MAIN LIBRARY NILE UNIVERSITY OF NIGERIA - MAIN LIBRARY 11/06/2025   TP 248.25 .N35 .E44 2023 0199458 11/06/2025 11/06/2025 Books